000 00257nam a22001217a 4500
020 _a81-204-1049-1
041 _aENG
100 _aR.CHhabra
245 _aSoil Salinity And Water Quality
260 _aDelhi
_bOxford
_c1996
650 _aIDE
856 _uIDE
999 _c391
_d391